Logistika (v ziskovom prostredí) /

Na minha lista:
Detalhes bibliográficos
Autor principal: Dubovec, Juraj (Author)
Formato: Livro
Idioma:eslovaco
Publicado em: Žilina Žilinská univerzita 2017
Edição:1. vyd.
Colecção:Vysokoškolské učebnice
Assuntos:
Tags: Adicionar Tag
Sem tags, seja o primeiro a adicionar uma tag!

MARC

LEADER 00000nam a22000003a 4500
001 0078372
003 SK-STU
005 20191216143012.2
007 ta
008 191211s ----xo-----e------000-0-----d
020 |a 978-80-554-1343-3 
040 |a STU  |b slo 
041 0 |a slo 
044 |a xo 
100 1 |a Dubovec, Juraj  |4 aut 
245 1 0 |a Logistika (v ziskovom prostredí) /  |c aut. Juraj Dubovec 
250 |a 1. vyd. 
260 |a Žilina  |b Žilinská univerzita  |c 2017 
300 |a 198 s. 
490 0 |a Vysokoškolské učebnice 
650 0 7 |a logistika 
996 |b 284M088259  |c M* 14268-1  |l MMST  |s A  |a 24  |w 0078372_0001 
996 |b 284M088264  |c M* 14268-2  |l MMKN  |s A  |a 24  |w 0078372_0002